| 000 | 00429cam a2200181ua 4500 | ||
|---|---|---|---|
| 001 | 3671 | ||
| 008 | 160708n1989 II |||gr||||Z||||||asm | ||
| 040 | _aMAIN | ||
| 041 | _aEnglish | ||
| 082 | _a531.3 CHO | ||
| 100 | _aCHOUDHORY, KAMLESH. | ||
| 245 | _aPRATHAMIK BOL BIGYAN | ||
| 260 |
_aGUWAHATI _bGRANTHAPEETH _c1989 |
||
| 300 |
_a226.: _c20CM. |
||
| 653 | _aDynamics | ||
| 700 |
_aCHOUDHORY, KAMLESH., _eAuthor. |
||
| 942 | _cBK | ||
| 999 |
_c3659 _d3659 |
||